000 00429nam a2200181Ia 4500
001 14541
003 GE_BSU
008 181216s||||||||xx |||||||||||||| ||und||
040 _cGE_BSU
080 _a611(084.4)
100 _aFrohse,Franz; Brodel,Max; Schlossberg,Leon.
245 _aAtlas of human anatomy
260 _aNew York
260 _c1961
300 _a180p.ill.20cm.
653 _aAtlas of human anatomy
942 _cBK
999 _c47672
_d47672